Explore QUEST in Android (Record no. 58251)

MARC details
000 -LEADER
fixed length control field 00465nam a2200169Ia 4500
082 ## - DEWEY DECIMAL CLASSIFICATION NUMBER
Classification number R/6IT12
100 ## - MAIN ENTRY--AUTHOR NAME
Personal name Rizwan Ali
100 ## - MAIN ENTRY--AUTHOR NAME
Personal name 12BS(IT)55
100 ## - MAIN ENTRY--AUTHOR NAME
Personal name Supervisor - Baqir Ali Zardari
245 #0 - TITLE STATEMENT
Title Explore QUEST in Android
260 ## - PUBLICATION, DISTRIBUTION, ETC. (IMPRINT)
Place of publication Nawabshah
Name of publisher QUEST
Year of publication 2016
300 ## - PHYSICAL DESCRIPTION
Number of Pages 64p
700 ## - ADDED ENTRY--PERSONAL NAME
Personal name Zubair Ali Keerio (Roll No. 12BS(IT)43)
700 ## - ADDED ENTRY--PERSONAL NAME
Personal name Khalid Hussain (Roll No. 12BS(IT)27)
700 ## - ADDED ENTRY--PERSONAL NAME
Personal name Basham Jamali (Roll No. 12BS(IT)58)
942 ## - ADDED ENTRY ELEMENTS (KOHA)
Koha item type Thesis and Dissertation
Holdings
Withdrawn status Lost status Home library Current library Date acquired Accession Number Koha item type
    Central Library, QUEST, Nawabshah Research Section 17/04/2018 ITP/11-96 Thesis and Dissertation